000 00570nam a2200193 i 4500
001 95389
003 ES-MaACL
005 20250822063141.0
007 t|
008 050527s1957 sp ||||1| cat d
100 1 _aLladonosa i Pujol, Josep,
_d1907-1990
_972657
245 1 0 _aAnecdotari de l'antiga Universitat de Lleida /
_cJosep Lladonosa i Pujol.
260 _aBarcelona :
_bBarcino,
_c1957.
300 _a74 p. ;
_c20 cm.
490 1 _aLa Revista
830 0 _aLa Revista
_9232190
852 _aES-MaACL
_jC-15525
_bR.43043
999 _c95389
_d95389